Páginas gloriosas de la Marina de Guerra española / (Record no. 44589)

MARC details
000 -LEADER
campo de control de longitud fija 00896nam a2200229 i 4500
001 - NÚMERO DE CONTROL
campo de control 44589
003 - IDENTIFICADOR DE NÚMERO DE CONTROL
campo de control ES-MaACL
005 - FECHA Y HORA DE LA ÚLTIMA TRANSACCIÓN
campo de control 20251009202611.0
007 - CAMPO FIJO DE DESCRIPCIÓN FÍSICA--INFORMACIÓN GENERAL
campo de control de longitud fija t|
008 - DATOS DE LONGITUD FIJA--INFORMACIÓN GENERAL
campo de control de longitud fija 030321s1917 sp ||||1| spa d
100 1# - ENTRADA PRINCIPAL--NOMBRE DE PERSONA
Nombre de persona Cebrián y Saura, José.
9 (RLIN) 37304
245 10 - MENCIÓN DEL TÍTULO
Título Páginas gloriosas de la Marina de Guerra española /
Mención de responsabilidad, etc. por José Cebrián y Saura ; dos palabras de Ramón Auñón y Villalón.
260 ## - PUBLICACIÓN, DISTRIBUCIÓN, ETC.
Lugar de publicación, distribución, etc. Madrid :
Nombre del editor, distribuidor, etc. Imp. de M. Álvarez,
Fecha de publicación, distribución, etc. 1917.
300 ## - DESCRIPCIÓN FÍSICA
Extensión 431 p. ;
Dimensiones 24 cm.
530 ## - NOTA DISPONIBLE DE FORMULARIO FÍSICO ADICIONAL
Nota de formato físico adicional disponible Disponible en formato digital.
650 #4 - PUNTO DE ACCESO ADICIONAL DE MATERIA--TÉRMINO DE MATERIA
Término de materia o nombre geográfico como elemento de entrada Marina de guerra-
Subdivisión geográfica España-
Subdivisión de forma Historia.
9 (RLIN) 14782
700 0# - ENTRADA AGREGADA--NOMBRE PERSONAL
Nombre de persona Pilares, Ramón Auñón y Villalón,
Títulos y otros términos asociados al nombre Marqués de
9 (RLIN) 92020
852 ## - LOCALIZACIÓN
Ubicación ES-MaACL
Número de control de estantería D-2801
Ubicación en estantería Sala Valle Inclán
Nota libre Revisado enlace: 10 de julio de 2025
856 4# - LOCALIZACIÓN Y ACCESO ELECTRÓNICOS
Identificador Uniforme de Recursos <a href="http://bdh-rd.bne.es/viewer.vm?id=0000249036&page=1 ">http://bdh-rd.bne.es/viewer.vm?id=0000249036&page=1 </a>
Texto de enlace Biblioteca Digital Hispánica
942 ## - ELEMENTOS DE ENTRADA SECUNDARIOS (KOHA)
Fuente del sistema de clasificación o colocación Clasificación decimal universal
Holdings
Estatus retirado Estado de pérdida Estado de daño No para préstamo Colección Biblioteca de origen Biblioteca actual Ubicación en estantería Fecha de adquisición Fuente de adquisición Total de préstamos Signatura topográfica completa Código de barras Visto por última vez Precio de reemplazo Tipo de ítem Koha
        Colección digital Biblioteca del Ateneo de Madrid Biblioteca del Ateneo de Madrid Sala Valle Inclán 17/01/2008     D-2801 901046931 23/02/2023 23/02/2023 Libro impreso